00814nam a2200241 i 450000100060000000300090000600500170001500700030003200800410003502000180007610000300009424501160012425000120024026000280025230000300028050000120031050000280032250400200035070000300037085200330040099900170043395201220045060648ES-MaACL20230906164258.0t|031105s1986 sp ||||1| spa d a84-7391-099-01 aEspinosa, Mariano.94789410aSofrología b: realidad de una ciencia, pasado y presente / cMariano Espinosa ; prólogo, Silverio Palafox. a2ª ed. a[S.l. : bs.n., c1986] a851 p. : bil. ; c24 cm. aIndice. aDed. autogr. del autor. aBibliografía.1 aPalafox, Silverio.988452 aES-MaACLjL-11801 bR.113342 c60648d60648 00104070aATENEOMbATENEOMcDEPO2d2008-01-17eSCl0oL-11801p1063605r2023-02-23 00:00:00w2023-02-23yMONOGRAFIA